| 000 | 00525nam a2200145Ia 4500 | ||
|---|---|---|---|
| 008 | 170221s9999 xx 000 0 und d | ||
| 100 | _aAbdul Sami | ||
| 245 | _aDoes Ethical Leadership Create Public Value? Empirical Evidences from Banking Sector of Pakistan | ||
| 245 | _cAbdul Sami, Ahmad Jusoh, Muhammad Imran Qureshi | ||
| 260 | _bInternational Review of Management and Marketing | ||
| 260 | _c2016 | ||
| 300 | _a15 : 19 | ||
| 650 | _xMarketing. | ||
| 856 | _uhttp://www.econjournals.com/index.php/irmm/issue/view/77 | ||
| 999 |
_c311998 _d311998 |
||